Эпидемиология неспецифических заболеваний легких и организация пульмонологической помощи в СССР : (Record no. 259567)
[ view plain ]
| 000 -LEADER | |
|---|---|
| fixed length control field | 01373nam a2200241 a 4500 |
| 001 - CONTROL NUMBER | |
| control field | 000701766 |
| 003 - CONTROL NUMBER IDENTIFIER | |
| control field | AM-YeHGA |
| 005 - DATE AND TIME OF LATEST TRANSACTION | |
| control field | 20250617142532.0 |
| 008 - FIXED-LENGTH DATA ELEMENTS--GENERAL INFORMATION | |
| fixed length control field | 091207s1980 ru |||||r|||||000|0|rus|d |
| 040 ## - CATALOGING SOURCE | |
| Original cataloging agency | AM-YeHGA |
| 041 0# - LANGUAGE CODE | |
| Language code of text/sound track or separate title | rus |
| 090 ## - LOCALLY ASSIGNED LC-TYPE CALL NUMBER (OCLC); LOCAL CALL NUMBER (RLIN) | |
| -- | 261177 |
| 245 00 - TITLE STATEMENT | |
| Title | Эпидемиология неспецифических заболеваний легких и организация пульмонологической помощи в СССР : |
| Remainder of title | Сборник научных трудов / |
| Statement of responsibility, etc. | Под ред. В.И. Тышецкого ; МЗ СССР, Всесоюзный научно-исследовательский институт пульмонологии. |
| 260 ## - PUBLICATION, DISTRIBUTION, ETC. | |
| Place of publication, distribution, etc. | Ленинград : |
| Name of publisher, distributor, etc. | [Б. и.], |
| Date of publication, distribution, etc. | 1980. |
| 300 ## - PHYSICAL DESCRIPTION | |
| Extent | 135 с. ; |
| Dimensions | 20 см. |
| 650 14 - SUBJECT ADDED ENTRY--TOPICAL TERM | |
| Topical term or geographic name entry element | Легких болезни |
| General subdivision | Эпидемиология |
| 650 14 - SUBJECT ADDED ENTRY--TOPICAL TERM | |
| Topical term or geographic name entry element | Хронические неспецифические болезни легких |
| 650 14 - SUBJECT ADDED ENTRY--TOPICAL TERM | |
| Topical term or geographic name entry element | Заболеваемости распространенности изучение |
| 650 14 - SUBJECT ADDED ENTRY--TOPICAL TERM | |
| Topical term or geographic name entry element | Медицинской помощи организация |
| General subdivision | Методы |
| 650 14 - SUBJECT ADDED ENTRY--TOPICAL TERM | |
| Topical term or geographic name entry element | Научные исследования |
| 700 1# - ADDED ENTRY--PERSONAL NAME | |
| Personal name | Тышецкий, В.И. |
| Relator term | ред. |
| Relationship | edt |
| 710 2# - ADDED ENTRY--CORPORATE NAME | |
| Corporate name or jurisdiction name as entry element | Всесоюзный научно-исследовательский институт пульмонологии МЗ СССР |
| Withdrawn status | Lost status | Damaged status | Not for loan | Collection | Home library | Current library | Date acquired | Total checkouts | Full call number | Barcode | Date last seen | Price effective from | Koha item type | Public note |
|---|---|---|---|---|---|---|---|---|---|---|---|---|---|---|
| General | Fundamental Scientific Library | Fundamental Scientific Library | 29/12/2016 | PII/459136 | FL0324209 | 29/12/2016 | 29/12/2016 | Գրքեր / Books | 30 Days Loan |
ՀՀ Գիտությունների ազգային ակադեմիայի հիմնարար գիտական գրադարան = Fundamental Scientific Library of NAS RA
All site content, except where otherwise noted, is licensed under a